History Quiz

Random History or Letter Quiz

US Vice Presidents by Name Length Quiz Stats

Quiz not verified by Sporcle

Challenge
Share
Tweet
Embed
Score 0/8 Timer 01:30
0 Plays Today
# of Letters Vice Presidents % Correct
5Dawes, Gerry, Tyler, Biden, Agnew, Nixon, Adams
98.7%
4Ford, Bush, King, Burr, Gore
98.2%
6Cheney, Hobart, Morton, Dallas, Colfax, Garner, Hamlin, Wilson, Arthur, Quayle, Truman, Curtis
94.2%
9Hendricks, Fairbanks, Stevenson, Roosevelt, Jefferson
93.8%
7R. Johnson, A. Johnson, L. Johnson, Wheeler, Sherman, Barkley, Wallace, Calhoun, Clinton, Mondale
93.3%
8Van Buren, Tompkins, Marshall, Humphrey, Fillmore, Coolidge
84.4%
11Rockefeller
37.3%
12Breckinridge
31.6%

You're not logged in!

Compare scores with friends on all Sporcle quizzes.
Join for Free
OR
Log In

You Might Also Like...

Show Comments

Extras

Curator's Pick Dec 23, 2015ReportNominate
Tags:Letter Quiz, length, surname, vice, Vice Presidents

Top Quizzes Today


Score Distribution

Your Account Isn't Verified!

In order to create a playlist on Sporcle, you need to verify the email address you used during registration. Go to your Sporcle Settings to finish the process.

Report this User

Report this user for behavior that violates our Community Guidelines.

Details: